| 000 | 00401nam a2200157Ia 4500 | ||
|---|---|---|---|
| 005 | 20250325025423.0 | ||
| 008 | 240331s9999 xx 000 0 und d | ||
| 020 | _a9789558354230 | ||
| 082 |
_bMAN _a894 |
||
| 100 | _aManoharan,S | ||
| 245 | 0 | _aOru manal veedum sila erumai madukalum | |
| 260 |
_aColombo _bGnanam Pathippagam _c2008 |
||
| 300 | _a80 p ., | ||
| 500 | _aSirukathai thoguthi | ||
| 942 | _cL | ||
| 999 |
_c3606 _d3606 |
||